|
|
|
|
| LEADER |
02044nam a22004335i 4500 |
| 001 |
978-3-540-71791-1 |
| 003 |
DE-He213 |
| 005 |
20150521125642.0 |
| 007 |
cr nn 008mamaa |
| 008 |
111210s2007 gw | s |||| 0|eng d |
| 020 |
|
|
|a 9783540717911
|9 978-3-540-71791-1
|
| 024 |
7 |
|
|a 10.1007/978-3-540-71791-1
|2 doi
|
| 040 |
|
|
|d GrThAP
|
| 050 |
|
4 |
|a QP34-38
|
| 072 |
|
7 |
|a MFG
|2 bicssc
|
| 072 |
|
7 |
|a MED075000
|2 bisacsh
|
| 082 |
0 |
4 |
|a 612
|2 23
|
| 245 |
1 |
0 |
|a Reviews of Physiology, Biochemistry and Pharmacology
|h [electronic resource] /
|c edited by S.G. Amara.
|
| 264 |
|
1 |
|a Berlin, Heidelberg :
|b Springer Berlin Heidelberg,
|c 2007.
|
| 300 |
|
|
|a IV, 161 p. 14 illus., 9 illus. in color.
|b online resource.
|
| 336 |
|
|
|a text
|b txt
|2 rdacontent
|
| 337 |
|
|
|a computer
|b c
|2 rdamedia
|
| 338 |
|
|
|a online resource
|b cr
|2 rdacarrier
|
| 347 |
|
|
|a text file
|b PDF
|2 rda
|
| 490 |
1 |
|
|a Reviews of Physiology, Biochemistry and Pharmacology,
|x 0303-4240 ;
|v 158
|
| 505 |
0 |
|
|a Role of megalin and cubilin in renal physiology and pathophysiology -- CLC chloride channels and transporters: a biophysical and physiological perspective -- Physiology of epithelial Ca2+ and Mg2+ transport.
|
| 520 |
|
|
|a Contents E.I. Christensen and R. Nielsen: Role of Megalin and Cubilin in Renal Physiology and Pathophysiology G. Zifarelli and M. Pusch: CLC Chloride Channels and Transporters: A Biophysical and Physiological Perspective S.F.J. van de Graaf, R.J.M. Bindels and J.G.J. Hoenderop: Physiology of Epithelial Ca2 and Mg2+ Transport.
|
| 650 |
|
0 |
|a Medicine.
|
| 650 |
|
0 |
|a Human physiology.
|
| 650 |
1 |
4 |
|a Biomedicine.
|
| 650 |
2 |
4 |
|a Human Physiology.
|
| 700 |
1 |
|
|a Amara, S.G.
|e editor.
|
| 710 |
2 |
|
|a SpringerLink (Online service)
|
| 773 |
0 |
|
|t Springer eBooks
|
| 776 |
0 |
8 |
|i Printed edition:
|z 9783540717904
|
| 830 |
|
0 |
|a Reviews of Physiology, Biochemistry and Pharmacology,
|x 0303-4240 ;
|v 158
|
| 856 |
4 |
0 |
|u http://dx.doi.org/10.1007/978-3-540-71791-1
|z Full Text via HEAL-Link
|
| 912 |
|
|
|a ZDB-2-SBL
|
| 950 |
|
|
|a Biomedical and Life Sciences (Springer-11642)
|